| 000 | 00347nam a2200145Ia 4500 | ||
|---|---|---|---|
| 008 | 190704s9999||||xx |||||||||||||| ||und|| | ||
| 020 | _a9876543210032 | ||
| 082 |
_a006 _bALI/M |
||
| 100 | _aAlias | ||
| 245 | 0 | _aMaya 7 / Installation and Licensing Guide | |
| 250 | _a7th Edition | ||
| 260 |
_aCanada _bAlias _c2005 |
||
| 300 | _a128p | ||
| 942 | _cBK | ||
| 999 |
_c6164 _d6164 |
||